| 000 | 01013nam a22003017a 4500 | ||
|---|---|---|---|
| 003 | CHAP | ||
| 005 | 20220329135329.0 | ||
| 008 | 971013s1980 br r 00010 por d | ||
| 010 | _a34516 | ||
| 011 | _a35488 | ||
| 035 | _a39604 | ||
| 040 | _cCHAP | ||
| 090 | _aFolleto 7044 | ||
| 110 | 1 |
_aEmpresa Brasileira de Pesquisa Agropecuaria. Centro Nacional de Pesquisa de Trigo _936607 |
|
| 245 | 1 | _aBibliografía brasileira de cevada Hordeum vulgare L. | |
| 260 |
_aBrasilia : _b(s.e.), _c1980 |
||
| 300 | _a48 p. | ||
| 590 |
_aBATCH-UPD _b10 _c20130110 _lUCH01 _h2300 |
||
| 590 |
_aBATCH-UPD _b10 _c20130410 _lUCH01 _h1552 |
||
| 590 |
_aBATCH-UPD _b10 _c20130914 _lUCH01 _h0903 |
||
| 590 |
_aCONVERSION _b10 _c20130109 _lUCH01 _h1319 |
||
| 650 | 1 | 4 |
_aCebada _xBibliografía. _920664 |
| 901 | _aBK | ||
| 942 | _cFOLL | ||
| 949 |
_aFolleto 7044 _bBC _cFOLL _d-90296 _eTS1 _i39604 _mD _si |
||
| 949 |
_aFolleto 7044 _bBC _cFOLL _d-90297 _eTS2 _fc.2 _i39604 _mD _si |
||
| 949 |
_aFolleto 7044 _bBC _cFOLL _d-90298 _eTS2 _fc.3 _i39604 _mD _si |
||
| 999 |
_c34516 _d34516 |
||